00429 a2200133 4500020002500000082001400025100002300039245007800062250001700140260005000157300003200207650002800239650002800267 a9780071485845 (pbk.) a519.5 SPI aSpiegel, Murray R. aSchaum's outline of theory and problems of statisticscMurray R. Spiegel. aMetric ed. / aIslamabad :bNational Book Foundation,c2000. axv,359 p. :bill. ;c25 cm. aMathematical statistics aMathematical statistics